| 000 | 00841cam a2200229 4500 | ||
|---|---|---|---|
| 001 | WB3638-10 | ||
| 008 | 000000n2000 000 0 eng u | ||
| 035 | _a(Sirsi) u108426 | ||
| 245 | _aRivers clean new era | ||
| 260 | _c2000 | ||
| 490 |
_aTimes _v 22 September 2000, 12(1) |
||
| 520 | _aEnvironment Agency reports that improvements in the health of Britain's rivers and canals mean that 95% of waterways are testing fair or good. Outlines England's top ten cleanest rivers. Further details of water treatment available at: http://www.environment-agency.gov.uk ; http://www.detr.gov.uk | ||
| 590 | _aWB | ||
| 650 | _aRIVERS | ||
| 650 | _aCANALS | ||
| 650 | _aWATER QUALITY | ||
| 650 | _aENVIRONMENT AGENCY | ||
| 650 | _aWATERWAYS | ||
| 650 | _aSEWAGE TREATMENT | ||
| 690 | _aENVIRONMENTAL AND LAND CONSULTANCY | ||
| 942 | _n0 | ||
| 999 |
_c64734 _d64734 |
||